| 000 | 01732nam a22003257a 4500 | ||
|---|---|---|---|
| 999 |
_c21811 _d21811 |
||
| 003 | AR-CdUCM | ||
| 008 | 190425b ||||| |||| 00| 0 spa d | ||
| 040 |
_aMUNICIPALIDAD PROVINCIAL DEL CUSCO _cBIBLIOTECA MUNICIPAL DEL CUSCO |
||
| 082 | _aRev.Allp/N°14/1979 | ||
| 110 |
_aInstituto de Pastoral Andina _912766 |
||
| 245 |
_aAllpanchis Phuturinqa : _bRevista Anual / |
||
| 260 |
_aCusco : _bInstituto de Pastoral Andina, _c1979. |
||
| 300 |
_a157 páginas. : _c20 cm. |
||
| 440 |
_aRevista del Instituto de Pastoral Andina Cusco _nAño [ ], [ ] semestre de 1979, N°14. Vol. XIII _946213 |
||
| 500 | _aLa Agricultura Andina | ||
| 505 | _aContenido: La situación del campesinado andino y las decisiones de política económica. José María Caballero. -- Política de precios agropecuarios e ingresos rurales en el Perú. Adolfo Figueroa. -- Notas sobre el precio relativo de la papa. Gonzalo Portocarrero. -- Agricultura agroindustria y dependencia alimentaria. Manuel Lajo. -- Desarrollo agrícola y procesos sociales en la comunidad campesina de Huayopampa. Jorge Osterling. -- Astronomía y ecología la sincronización alimenticia del maíz. John Earls.-- Marxismo y sociedad andina derrotero de un malentendido. Alberto Flores Galindo. | ||
| 650 |
_aDesarrollo rural _94384 |
||
| 650 |
_aEcología andina _946214 |
||
| 650 |
_aAgricultura _9320 |
||
| 650 |
_aPolítica económica _91407 |
||
| 650 |
_aEconomía campesina _92215 |
||
| 650 |
_aFrontera agrícola _946028 |
||
| 700 |
_aCaballero, José María _93405 |
||
| 700 |
_aFlores Galindo, Alberto _92837 |
||
| 700 |
_aFigueroa, Adolfo _916 |
||
| 700 |
_aPortocarrero, Gonzalo _92259 |
||
| 700 |
_aUribe, Matilde _946215 |
||
| 942 |
_2ddc _cPP |
||
| 945 | _arac | ||